Welcome to WEB OPAC of MRSPTU Central Library

Satelite communication (Record no. 5990)

MARC details
000 -LEADER
fixed length control field 00442nam a2200181Ia 4500
008 - FIXED-LENGTH DATA ELEMENTS--GENERAL INFORMATION
fixed length control field 230711s9999||||xx |||||||||||||| ||und||
020 ## - INTERNATIONAL STANDARD BOOK NUMBER
International Standard Book Number 978-81-265-0833-4
041 ## - LANGUAGE CODE
Language code of text/sound track or separate title ENG
082 ## - DEWEY DECIMAL CLASSIFICATION NUMBER
Classification number 621.384
Item number PR-S
100 ## - MAIN ENTRY--PERSONAL NAME
Personal name Pratt,Timothy
245 #0 - TITLE STATEMENT
Title Satelite communication
250 ## - EDITION STATEMENT
Edition statement 2nd Ed.
260 ## - PUBLICATION, DISTRIBUTION, ETC.
Date of publication, distribution, etc. 2003
Place of publication, distribution, etc. New Delhi
Name of publisher, distributor, etc. Wiley & Sons
300 ## - PHYSICAL DESCRIPTION
Extent 536p.
650 ## - SUBJECT ADDED ENTRY--TOPICAL TERM
Topical term or geographic name entry element Electronics Engineering
700 ## - ADDED ENTRY--PERSONAL NAME
Personal name Bostain,Charles
942 ## - ADDED ENTRY ELEMENTS (KOHA)
Koha item type Book
Holdings
Withdrawn status Lost status Damaged status Not for loan Collection Home library Current library Date acquired Cost, normal purchase price Inventory number Total checkouts Full call number Barcode Date last seen Price effective from Koha item type
          MRSPTU Central Library MRSPTU Central Library   579.00 2942478   621.384 PR-S 32427 08/17/2023 08/17/2023 Book
          MRSPTU Central Library MRSPTU Central Library   579.00 2942478   621.384 PR-S 32428 08/17/2023 08/17/2023 Book
          MRSPTU Central Library MRSPTU Central Library   579.00 2942478   621.384 PR-S 32429 08/17/2023 08/17/2023 Book
          MRSPTU Central Library MRSPTU Central Library   579.00 2942478   621.384 PR-S 32430 08/17/2023 08/17/2023 Book

Website Designed and Developed by MRSPTU Central Library Team

E-mail Id: librarian@mrsptu.ac.in